[Event "Tournoi Skype 025A"]
[Site "Skype"]
[Date "????.??.??"]
[Round "4.23"]
[White "Sepulveda, Lyda Marcela"]
[Black "Salazar Ticeran, Antonio"]
[Result "1-0"]
[WhiteElo "1683"]
[BlackElo "1558"]
[PlyCount "59"]

1. e4 c5 2. Nf3 Nc6 3. d4 cxd4 4. Nxd4 g6 5. Bc4 Bg7 6. Be3 Nf6 7. f3 O-O 8.
Nc3 Ne5 9. Bb3 a6 10. Qd2 b5 11. O-O-O Nc4 12. Bxc4 bxc4 13. Bh6 Nh5 14. g4
Bxh6 15. Qxh6 Ng7 16. h4 Rb8 17. Nd5 e6 18. Nc3 Qb6 19. h5 e5 20. hxg6 Qxg6 21.
Nde2 Ne6 22. Nd5 Qxh6+ 23. Rxh6 Kg7 24. Rdh1 Ng5 25. Ng3 Rh8 26. Nf5+ Kf8 27.
Nf6 Nxf3 28. Rxh7 Rxh7 29. Rxh7 d5 30. Rh8# 1-0

[Event "Tournoi Skype 025A"]
[Site "Skype"]
[Date "????.??.??"]
[Round "4.24"]
[White "L'Herbon De Lussats, Jean"]
[Black "Aceituno, Stebe"]
[Result "0-1"]
[WhiteElo "1661"]
[BlackElo "1513"]
[PlyCount "76"]

1. e4 c5 2. Nf3 Nc6 3. Bc4 e6 4. d4 cxd4 5. Nxd4 Nf6 6. Nc3 a6 7. O-O Bc5 8.
Be3 Nxd4 9. Bxd4 Bxd4 10. Qxd4 O-O 11. e5 b5 12. Bd3 Ne8 13. Qe4 f5 14. exf6
Nxf6 15. Qh4 Bb7 16. Ne2 d5 17. Ng3 Qc7 18. Nh5 Ne4 19. f3 g6 20. Nf4 Rxf4 21.
Qh6 Qc5+ 22. Kh1 Nf2+ 23. Kg1 Ng4+ 24. Kh1 Nxh6 25. g3 Rxf3 26. Rxf3 d4 27. Kg2
Rf8 28. Raf1 Bxf3+ 29. Rxf3 Rxf3 30. Kxf3 Qc6+ 31. Kf4 Kg7 32. h4 Kf6 33. g4
e5+ 34. Kg3 e4 35. Bf1 Qd6+ 36. Kh3 Qf4 37. Bg2 Nxg4 38. b3 Nf2# 0-1

[Event "Tournoi Skype 025A"]
[Site "Skype"]
[Date "????.??.??"]
[Round "4.25"]
[White "Trivedi, Viral"]
[Black "Grib, Johannes"]
[Result "1-0"]
[WhiteElo "1644"]
[BlackElo "1500"]
[PlyCount "81"]

1. d4 Nf6 2. Bf4 e6 3. e3 c5 4. c3 Be7 5. Nf3 d6 6. h3 O-O 7. Bd3 d5 8. Ne5 Ne4
9. Nd2 Bh4 10. Nxe4 dxe4 11. Bxe4 Nd7 12. Qh5 Bxf2+ 13. Kxf2 Nf6 14. Qf3 cxd4
15. exd4 Nd5 16. Bd2 f5 17. Bxd5 exd5 18. Rhf1 Be6 19. Kg1 Qb6 20. b4 a5 21. a3
axb4 22. axb4 Rxa1 23. Rxa1 g6 24. Qg3 Kg7 25. Qh4 Qc7 26. Bh6+ Kg8 27. Bxf8
Kxf8 28. Ra8+ Kg7 29. Nxg6 Kxg6 30. Qd8 Qg7 31. Qe8+ Bf7 32. Qe5 Qh6 33. Qd6+
Kg7 34. Qxh6+ Kxh6 35. Rb8 Kg5 36. Rxb7 Bg6 37. Kf2 Kf4 38. g3+ Ke4 39. Re7+
Kd3 40. Rc7 h5 41. b5 1-0

[Event "Tournoi Skype 025A"]
[Site "Skype"]
[Date "????.??.??"]
[Round "4.28"]
[White "Perrone, Gabriel Lorenzo"]
[Black "Sauvaget, Joel"]
[Result "*"]
[WhiteElo "1544"]
[BlackElo "1608"]
[PlyCount "52"]

1. d4 d5 2. c4 c6 3. Nf3 Nf6 4. Nc3 e6 5. Bg5 Be7 6. e3 Nbd7 7. cxd5 exd5 8.
Bd3 h6 9. Bh4 O-O 10. O-O Re8 11. Re1 Nf8 12. h3 Be6 13. e4 dxe4 14. Nxe4 Nxe4
15. Bxe7 Qxe7 16. Bxe4 Qf6 17. b3 Rad8 18. Rc1 Nd7 19. d5 cxd5 20. Bxd5 Nb6 21.
Qc2 Nxd5 22. Rcd1 Nb6 23. Qc7 Bd5 24. Ne5 Be6 25. Rxd8 Rxd8 26. Nf3 Rd7 *

[Event "Tournoi Skype 025A"]
[Site "Skype"]
[Date "????.??.??"]
[Round "4.29"]
[White "Gharbi, Said"]
[Black "Escudero Ocana, Francisco"]
[Result "1-0"]
[WhiteElo "1607"]
[BlackElo "1406"]
[PlyCount "55"]

1. e4 e5 2. Nf3 Nc6 3. Bc4 d6 4. d3 Bg4 5. h3 Bh5 6. Bxf7+ Bxf7 7. Ng5 Bg6 8.
Qg4 Nd4 9. Na3 d5 10. c3 Nf6 11. Qg3 Nc6 12. Ne6 Qd6 13. Nb5 Rc8 14. Nxd6+ cxd6
15. exd5 Nxd5 16. O-O Be7 17. Nxg7+ Kf7 18. Bh6 Bf6 19. Qf3 Rhe8 20. Qxd5+ Kf8
21. Qxd6+ Be7 22. Qe6 Red8 23. Nf5+ Ke8 24. Nxe7 Nxe7 25. Qxe5 Rxd3 26. Qb5+
Rd7 27. Bg5 Nf5 28. Rfe1+ 1-0

[Event "Tournoi Skype 025A"]
[Site "Skype"]
[Date "????.??.??"]
[Round "4.30"]
[White "Ram, Madhukesh"]
[Black "Castillo, Jesus"]
[Result "1-0"]
[WhiteElo "1475"]
[BlackElo "1661"]
[PlyCount "39"]

1. e4 e5 2. Nf3 Nc6 3. Bb5 a6 4. Ba4 Nf6 5. O-O Nxe4 6. Re1 Nf6 7. Nxe5 Be7 8.
d4 Nxe5 9. Rxe5 O-O 10. Nc3 b5 11. Bb3 Bb7 12. Nd5 Bd6 13. Rf5 Nxd5 14. Bxd5 c6
15. Be4 Qh4 16. f4 Rae8 17. Rh5 Qf6 18. Bxh7+ Kh8 19. Bg6+ Kg8 20. Rh8+ 1-0

[Event "Tournoi Skype 025A"]
[Site "Skype"]
[Date "????.??.??"]
[Round "4.31"]
[White "Chavero, Victor"]
[Black "Thoune, Jim"]
[Result "0-1"]
[WhiteElo "1525"]
[BlackElo "1600"]
[PlyCount "98"]

1. d4 d5 2. Nf3 Bf5 3. e3 Nf6 4. Bd3 Bxd3 5. Qxd3 c6 6. O-O Nbd7 7. Nbd2 e6 8.
a3 Bd6 9. b3 O-O 10. Bb2 Qc7 11. e4 dxe4 12. Nxe4 Nxe4 13. Qxe4 Nf6 14. Qe3 h6
15. c4 Rad8 16. c5 Bxc5 17. b4 Be7 18. Rac1 Qb8 19. Rfe1 Rd5 20. Re2 Rfd8 21.
Qd3 Bd6 22. h3 Bf4 23. Qc3 Bxc1 24. Qxc1 Nd7 25. Rc2 f6 26. Qe1 Qd6 27. Re2 e5
28. Nd2 exd4 29. Nc4 Qb8 30. Re7 Nf8 31. Na5 Re5 32. Rxe5 fxe5 33. Nb3 b6 34.
Qe4 Qd6 35. Nd2 Qd5 36. Qc2 Ne6 37. g3 Ng5 38. Kh2 Rf8 39. f4 exf4 40. h4 fxg3+
41. Kxg3 Rf3+ 42. Nxf3 Qxf3+ 43. Kh2 Qh3+ 44. Kg1 Nf3+ 45. Kf2 Qh2+ 46. Kxf3
Qxc2 47. Bxd4 Qd3+ 48. Be3 Qxa3 49. Kf2 Kf7 0-1

[Event "Tournoi Skype 025A"]
[Site "Skype"]
[Date "????.??.??"]
[Round "4.32"]
[White "Mordaa, Ahmad"]
[Black "Bankhede, Shivkumar"]
[Result "0-1"]
[WhiteElo "1563"]
[BlackElo "1287"]
[PlyCount "88"]

1. e4 e5 2. Nf3 Nc6 3. Bc4 g6 4. c3 Bg7 5. d4 d6 6. O-O Nf6 7. Re1 O-O 8. d5
Na5 9. Bd3 b6 10. b4 Nb7 11. Nbd2 Qd7 12. Nf1 c6 13. dxc6 Qxc6 14. Bd2 Nd8 15.
a4 Qc7 16. Rc1 Ne6 17. Rc2 Bd7 18. Bb5 Bxb5 19. axb5 Qc4 20. Ne3 Qxb5 21. c4
Qd7 22. Nd5 Rac8 23. Qc1 Nxd5 24. cxd5 Rxc2 25. Qxc2 Nd4 26. Nxd4 exd4 27. Rc1
f5 28. f3 f4 29. Qc6 Qe7 30. Qc7 Qf6 31. Qxa7 h5 32. Qxb6 h4 33. h3 Kh7 34. b5
Kh6 35. Bb4 d3 36. Qxd6 Qb2 37. Qc5 Bd4+ 38. Qxd4 Qxd4+ 39. Kf1 Qxb4 40. e5
Qxb5 41. Ke1 Qxd5 42. Kd2 Rd8 43. e6 Qxe6 44. Re1 Qa2+ 0-1

[Event "Tournoi Skype 025A"]
[Site "Skype"]
[Date "????.??.??"]
[Round "4.33"]
[White "Perez Fermin, Jose"]
[Black "Alvarez, Juan Evangelista"]
[Result "1/2-1/2"]
[WhiteElo "1550"]
[BlackElo "1591"]
[PlyCount "122"]

1. e4 Nf6 2. Nc3 Nc6 3. f4 e6 4. Nf3 Bb4 5. e5 Ne4 6. Nxe4 O-O 7. Be2 f6 8. c3
Ba5 9. exf6 d5 10. Nc5 Rxf6 11. d4 Bb6 12. Nd3 a5 13. Be3 Ne7 14. Bf2 Nf5 15.
Qc2 Bd7 16. g4 Nd6 17. Bh4 Ne4 18. Bxf6 Qxf6 19. O-O-O a4 20. a3 Ba7 21. g5 Qe7
22. Nde5 c5 23. Bd3 cxd4 24. c4 Nc5 25. Bxh7+ Kf8 26. Ng6+ Ke8 27. Nxe7 Kxe7
28. cxd5 Rc8 29. Qg6 exd5 30. Qxg7+ Kd6 31. Nxd4 Ne6+ 32. Kb1 Nxg7 33. Rhf1 Rh8
34. g6 Bxd4 35. Rxd4 Kc5 36. Rb4 b5 37. Rc1+ Kd6 38. Re1 Bf5+ 39. Ka2 Rb8 40.
b3 axb3+ 41. Kxb3 Ne6 42. Rd1 Rc8 43. Rd2 Nc5+ 44. Kb2 Nd3+ 45. Rxd3 Bxd3 46.
Rd4 Rc2+ 47. Kb3 Bf5 48. Bg8 Bxg6 49. Rxd5+ Kc6 50. f5 Bxf5 51. Rxf5 Rxh2 52.
Bd5+ Kc5 53. Bb7+ Kb6 54. Bc8 Rh1 55. Bd7 Rh3+ 56. Ka2 Rh2+ 57. Kb1 Rh1+ 58.
Kc2 Rh2+ 59. Kd1 Rh1+ 60. Ke2 Rb1 61. Rf4 Ka5 1/2-1/2

[Event "Tournoi Skype 025A"]
[Site "Skype"]
[Date "????.??.??"]
[Round "4.34"]
[White "Junqueira, Leonardo De Faria"]
[Black "Ramirez Reina, Orlando"]
[Result "1-0"]
[WhiteElo "1560"]
[BlackElo "1527"]
[PlyCount "91"]

1. e4 d6 2. d4 Nf6 3. Nc3 g6 4. Nf3 Bg7 5. Bc4 O-O 6. h3 c6 7. O-O d5 8. exd5
cxd5 9. Bb3 Nc6 10. Be3 e6 11. Ne2 Na5 12. c3 Nxb3 13. Qxb3 Qb6 14. Qc2 Bd7 15.
Ne5 Rac8 16. Bg5 Bb5 17. Rfe1 Bxe2 18. Bxf6 Bb5 19. Bxg7 Kxg7 20. Qd2 f6 21.
Ng4 g5 22. Rab1 h5 23. Nh2 Qa6 24. a3 Bd3 25. Qe3 Bxb1 26. Rxb1 Qd6 27. Re1
Rce8 28. Nf3 Qf4 29. Qe2 g4 30. hxg4 hxg4 31. Nh2 e5 32. g3 Qg5 33. Qb5 exd4
34. Rxe8 Rxe8 35. Qxe8 Qc1+ 36. Kg2 Qg5 37. cxd4 f5 38. Qd7+ Kf6 39. Qxd5 b6
40. Qd7 Qd2 41. b4 Qd3 42. Qxa7 Qxd4 43. Qa8 Qd6 44. Nf1 Qd4 45. Qh8+ Kg5 46.
Qxd4 1-0

[Event "Tournoi Skype 025A"]
[Site "Skype"]
[Date "????.??.??"]
[Round "5.2"]
[White "Deville, Olivier"]
[Black "Mayor Martinez, Juan Jose"]
[Result "1/2-1/2"]
[WhiteElo "1850"]
[BlackElo "1850"]
[PlyCount "86"]

1. d4 d5 2. c4 c6 3. Qc2 Nf6 4. Nf3 Bg4 5. Ne5 Qc8 6. Nc3 Bf5 7. Qb3 e6 8. g3
Be7 9. Bg2 O-O 10. O-O Nbd7 11. Bd2 Ng4 12. Nxg4 Bxg4 13. e4 dxc4 14. Qxc4 Bh5
15. Rac1 Nb6 16. Qd3 Bg6 17. f4 f5 18. e5 Rd8 19. a4 Qd7 20. a5 Nd5 21. Nxd5
cxd5 22. Rc2 Rac8 23. Rfc1 Rc6 24. Rxc6 bxc6 25. a6 Rc8 26. Ba5 c5 27. dxc5
Bxc5+ 28. Kh1 Be7 29. Rc3 Rxc3 30. Qxc3 d4 31. Qc6 Be8 32. Qxd7 Bxd7 33. Kg1
Bb5 34. Bf1 d3 35. Bd2 Bc5+ 36. Kg2 Bxa6 37. h3 Bb7+ 38. Kh2 Be4 39. g4 g6 40.
gxf5 gxf5 41. Kg3 a5 42. Bxa5 Be3 43. b4 Bd2 1/2-1/2

[Event "Tournoi Skype 025A"]
[Site "Skype"]
[Date "????.??.??"]
[Round "5.3"]
[White "Grosso, Raul"]
[Black "Siret, Bernard"]
[Result "1/2-1/2"]
[WhiteElo "1847"]
[BlackElo "2073"]
[PlyCount "48"]

1. Nf3 f5 2. b4 e6 3. Bb2 Nf6 4. b5 a6 5. a4 axb5 6. axb5 Rxa1 7. Bxa1 c5 8. c4
d5 9. e3 Nbd7 10. d3 Nb6 11. Qc2 Bd6 12. Be2 Qc7 13. Bc3 O-O 14. Nbd2 Bd7 15.
O-O dxc4 16. dxc4 e5 17. g3 Ng4 18. h3 Nxe3 19. fxe3 e4 20. Ne1 Bxg3 21. Nxe4
fxe4 22. Rxf8+ Kxf8 23. Qxe4 Bxh3 24. Qxh7 Bh2+ 1/2-1/2

[Event "Tournoi Skype 025A"]
[Site "Skype"]
[Date "????.??.??"]
[Round "5.4"]
[White "Dal, Ibrahim"]
[Black "Ibarra Cantu, Raul Alberto"]
[Result "1/2-1/2"]
[WhiteElo "1803"]
[BlackElo "1972"]
[PlyCount "65"]

1. d4 Nf6 2. Nf3 g6 3. Bf4 Bg7 4. e3 O-O 5. Be2 d6 6. h3 b6 7. O-O c5 8. c3 Ba6
9. Nbd2 Bxe2 10. Qxe2 Nbd7 11. e4 Nh5 12. Be3 e5 13. d5 Nf4 14. Bxf4 exf4 15.
Nc4 Qe7 16. Rae1 Ne5 17. Nfxe5 Bxe5 18. f3 h5 19. g4 hxg4 20. hxg4 Kg7 21. Kg2
Rh8 22. Rh1 Rae8 23. a4 Qg5 24. Reg1 Rxh1 25. Rxh1 Bf6 26. Nxd6 Rb8 27. Qa6 Rh8
28. Qxa7 Rxh1 29. Qxf7+ Kh6 30. Qf8+ Kh7 31. Qf7+ Kh6 32. Qf8+ Kh7 33. Qf7+
1/2-1/2

[Event "Tournoi Skype 025A"]
[Site "Skype"]
[Date "????.??.??"]
[Round "5.5"]
[White "Murgia, Stefano"]
[Black "Diaz, Jose Garcia"]
[Result "1/2-1/2"]
[WhiteElo "1796"]
[BlackElo "1880"]
[PlyCount "40"]

1. e4 c5 2. Nf3 Nc6 3. d4 cxd4 4. Nxd4 Nxd4 5. Qxd4 e6 6. c4 b6 7. Nc3 Bc5 8.
Qxg7 Qf6 9. Qxf6 Nxf6 10. Bg5 Ng4 11. Bh4 Bb7 12. h3 Ne5 13. Bf6 Ng6 14. Bxh8
Nxh8 15. Be2 Ng6 16. O-O Nf4 17. Bf3 Nd3 18. Rab1 Rc8 19. Be2 Nf4 20. Bf3 Bb4
1/2-1/2

[Event "Tournoi Skype 025A"]
[Site "Skype"]
[Date "????.??.??"]
[Round "5.6"]
[White "Rico Hernandez, Edgar"]
[Black "Martinez Quintero, Javier"]
[Result "1/2-1/2"]
[WhiteElo "1871"]
[BlackElo "1821"]
[PlyCount "82"]

1. d4 Nf6 2. c4 e6 3. Nc3 b6 4. Nf3 Bb7 5. e3 d5 6. cxd5 Nxd5 7. Bd2 c5 8. Bb5+
Nc6 9. Qa4 Rc8 10. Qxa7 Qc7 11. Nxd5 exd5 12. Qa4 Bd6 13. a3 O-O 14. dxc5 bxc5
15. h3 Ne5 16. Be2 d4 17. exd4 Nxf3+ 18. gxf3 cxd4 19. Kf1 Be5 20. Rc1 Qb6 21.
b4 Ra8 22. Qb3 Rfd8 23. Rg1 Bd5 24. Qd3 Qe6 25. f4 Bf6 26. Rc5 Be4 27. Qg3 d3
28. Bf3 Rxa3 29. Kg2 Bd4 30. Rcc1 Ra2 31. Rgd1 Bxf3+ 32. Qxf3 Qe2 33. Be1 Qxf3+
34. Kxf3 Ra3 35. Bd2 f6 36. Rc4 Ba7 37. Rc3 Rxc3 38. Bxc3 Kf7 39. Rd2 Ke6 40.
Ke4 f5+ 41. Kf3 Rd7 1/2-1/2

[Event "Tournoi Skype 025A"]
[Site "Skype"]
[Date "????.??.??"]
[Round "5.7"]
[White "Karia, Vijay"]
[Black "Altinok, Kerim"]
[Result "1/2-1/2"]
[WhiteElo "1803"]
[BlackElo "1865"]
[PlyCount "20"]

1. e4 c6 2. d4 d5 3. exd5 cxd5 4. Bd3 Nc6 5. c3 Nf6 6. h3 e5 7. Qe2 Qe7 8. Bg5
exd4 9. Bxf6 gxf6 10. Nf3 Qxe2+ 1/2-1/2

[Event "Tournoi Skype 025A"]
[Site "Skype"]
[Date "????.??.??"]
[Round "5.9"]
[White "Altinok, Selim"]
[Black "Saponara, Jose Maria"]
[Result "1/2-1/2"]
[WhiteElo "1833"]
[BlackElo "1774"]
[PlyCount "60"]

1. Nf3 Nf6 2. d4 g6 3. c4 Bg7 4. Nc3 d6 5. e4 c5 6. d5 O-O 7. Be2 Nbd7 8. O-O
Ne8 9. Be3 Bxc3 10. bxc3 e5 11. dxe6 fxe6 12. Ng5 Ne5 13. f4 Nf7 14. Nxf7 Rxf7
15. e5 b6 16. Bf3 Bb7 17. Bxb7 Rxb7 18. Qg4 Ng7 19. Rfd1 Rd7 20. exd6 Rxd6 21.
Rxd6 Qxd6 22. Rd1 Qe7 23. Rd3 Rd8 24. Qd1 Rxd3 25. Qxd3 Nf5 26. Bf2 Qd6 27. Qe2
Kf7 28. g4 Ne7 29. Bg3 Qd7 30. h4 Nc6 1/2-1/2

[Event "Tournoi Skype 025A"]
[Site "Skype"]
[Date "????.??.??"]
[Round "5.11"]
[White "Lambert, Pierre"]
[Black "Engstrom, Olle"]
[Result "1-0"]
[WhiteElo "1921"]
[BlackElo "1649"]
[PlyCount "75"]

1. d4 f5 2. c4 g6 3. Nf3 Bg7 4. Nc3 Nf6 5. e3 d6 6. Bd3 O-O 7. O-O Nc6 8. a3 e5
9. Bc2 e4 10. Nd2 Kh8 11. f3 exf3 12. Nxf3 Re8 13. Re1 d5 14. cxd5 Nxd5 15.
Nxd5 Qxd5 16. Bb3 Qd6 17. Ng5 Nd8 18. Qf3 f4 19. Bd2 fxe3 20. Bxe3 Bxd4 21.
Bxd4+ Qxd4+ 22. Qf2 Qxf2+ 23. Kxf2 Rf8+ 24. Kg1 Nc6 25. Rad1 Bf5 26. Ba4 Rf6
27. b4 Kg7 28. b5 Na5 29. Re7+ Kh6 30. Nf7+ Kh5 31. Rd4 g5 32. Bd1+ Kg6 33.
Ne5+ Kh6 34. h4 Rg8 35. hxg5+ Kxg5 36. Rxc7 Be6 37. Rxh7 Rh6 38. Nf3+ 1-0

[Event "Tournoi Skype 025A"]
[Site "Skype"]
[Date "????.??.??"]
[Round "5.12"]
[White "Ricieri, Vinicius"]
[Black "Leyton Calderon, Jairo Oswaldo"]
[Result "1-0"]
[WhiteElo "1921"]
[BlackElo "1624"]
[PlyCount "83"]

1. d4 Nf6 2. c4 g6 3. Nf3 Bg7 4. g3 O-O 5. Bg2 d6 6. Nc3 Nbd7 7. O-O c6 8. Bg5
Nb6 9. b3 h6 10. Bxf6 Bxf6 11. Qd2 Bg7 12. Rad1 Be6 13. e4 d5 14. exd5 cxd5 15.
c5 Nd7 16. b4 Nf6 17. Ne5 Bf5 18. Rfe1 e6 19. a4 b6 20. b5 a6 21. c6 axb5 22.
axb5 Qc7 23. Ra1 Ra7 24. Ra2 Rfa8 25. Rea1 Ne8 26. Rxa7 Rxa7 27. Rxa7 Qxa7 28.
h3 g5 29. g4 Bh7 30. Nd7 Nc7 31. Kh2 f5 32. f4 fxg4 33. fxg5 h5 34. hxg4 hxg4
35. Nf6+ Bxf6 36. gxf6 Kf7 37. Qh6 g3+ 38. Kxg3 Nxb5 39. Qxh7+ Kxf6 40. Qh8+
Ke7 41. Nxb5 Qb8+ 42. Qxb8 1-0

[Event "Tournoi Skype 025A"]
[Site "Skype"]
[Date "????.??.??"]
[Round "5.13"]
[White "Hilton, Stephen"]
[Black "Le Brun, Yves"]
[Result "1-0"]
[WhiteElo "1889"]
[BlackElo "1546"]
[PlyCount "35"]

1. d4 d6 2. c4 g6 3. Nc3 Bg7 4. e4 Nc6 5. Be3 e5 6. Nge2 f5 7. exf5 Bxf5 8. d5
Nce7 9. Ng3 Bd7 10. Bd3 Nf6 11. h4 Bf5 12. Nxf5 Nxf5 13. Bg5 Qd7 14. Ne4 Rf8
15. Qd2 O-O-O 16. O-O-O h6 17. Nxf6 hxg5 18. Nxd7 1-0

[Event "Tournoi Skype 025A"]
[Site "Skype"]
[Date "????.??.??"]
[Round "5.14"]
[White "Salazar Ticeran, Antonio"]
[Black "Calcino, Luis"]
[Result "0-1"]
[WhiteElo "1558"]
[BlackElo "1707"]
[PlyCount "124"]

1. e4 g6 2. d4 Bg7 3. Nf3 d6 4. Bc4 Nf6 5. Nc3 a6 6. O-O O-O 7. Bd3 Nbd7 8. Bg5
h6 9. Bh4 g5 10. Bg3 Nh5 11. Ne2 e5 12. c3 Nf4 13. Bc2 Qe7 14. Re1 Nf6 15. h3
N6h5 16. Bh2 Qf6 17. Nxf4 Nxf4 18. Bxf4 gxf4 19. Kh2 Kh8 20. Rg1 Rg8 21. g3 h5
22. Nh4 Qg5 23. Nf5 Bxf5 24. exf5 Bf6 25. Qf3 fxg3+ 26. Rxg3 Qh4 27. Rag1 exd4
28. Kh1 dxc3 29. bxc3 Be5 30. Rxg8+ Rxg8 31. Rxg8+ Kxg8 32. Qg2+ Kf8 33. Kg1
Qf4 34. Bd3 Qc1+ 35. Bf1 Qf4 36. Bd3 f6 37. Kh1 b5 38. f3 c5 39. Be4 Qc1+ 40.
Qg1 Qxg1+ 41. Kxg1 Bxc3 42. Bb7 a5 43. Bc6 b4 44. Bd5 Kg7 45. Kg2 Kh6 46. f4 h4
47. Kf3 Kg7 48. Ke4 Kf8 49. Bb3 Ke7 50. Kd5 Bd2 51. Kc6 Bxf4 52. Kb5 Kd7 53.
Kxa5 Kc6 54. Ba4+ Kd5 55. Kb5 Be5 56. Bb3+ Kd4 57. Bc2 d5 58. Bd1 Bd6 59. Kc6
Bf8 60. Bf3 c4 61. Bxd5 b3 62. axb3 c3 0-1

[Event "Tournoi Skype 025A"]
[Site "Skype"]
[Date "????.??.??"]
[Round "5.15"]
[White "Aranzubia, Desiderio"]
[Black "Vasquez, Oscar"]
[Result "1-0"]
[WhiteElo "1525"]
[BlackElo "1646"]
[PlyCount "109"]

1. d4 Nf6 2. c4 d5 3. Nf3 Bg4 4. h3 Bf5 5. Nc3 e6 6. Bg5 Be7 7. cxd5 Nxd5 8.
Bxe7 Qxe7 9. Nxd5 exd5 10. e3 Nd7 11. Qb3 Nb6 12. Ne5 c6 13. Be2 O-O 14. O-O
Be4 15. Bd3 Rad8 16. Bxe4 dxe4 17. Nc4 Nd5 18. Nd2 f5 19. Rae1 Kh8 20. f3 b6
21. fxe4 fxe4 22. Rxf8+ Rxf8 23. a3 Qg5 24. Rf1 Rxf1+ 25. Nxf1 h6 26. Kf2 Qh4+
27. Ke2 Qg5 28. Kf2 Qf5+ 29. Ke2 a5 30. Ng3 Qe6 31. Qc2 Nf6 32. Ke1 b5 33. b3
g6 34. Qc3 Qd6 35. Kf2 b4 36. axb4 axb4 37. Qc5 Qxc5 38. dxc5 Kg7 39. Ne2 Nd7
40. Nd4 Nxc5 41. Nxc6 Nxb3 42. Nxb4 Kf6 43. Nd5+ Kf7 44. Kg3 Ke6 45. Nc3 Nd2
46. h4 Kd6 47. Kf4 Ke6 48. Nxe4 Nxe4 49. Kxe4 Ke7 50. Ke5 Kf7 51. g4 Ke7 52. e4
Kf7 53. Kd6 Ke8 54. Ke6 h5 55. g5 1-0

[Event "Tournoi Skype 025A"]
[Site "Skype"]
[Date "????.??.??"]
[Round "5.17"]
[White "Rajpurohit, Dinesh"]
[Black "Aravena, Alvaro"]
[Result "0-1"]
[WhiteElo "1503"]
[BlackElo "1643"]
[PlyCount "40"]

1. e4 e6 2. d4 d5 3. Nd2 Nf6 4. Bd3 c5 5. c3 Nc6 6. Ngf3 cxd4 7. Nxd4 dxe4 8.
Nxc6 Qxd3 9. Ne5 Qb5 10. Nec4 Bc5 11. O-O e3 12. fxe3 O-O 13. Kh1 Rd8 14. Rxf6
Qxc4 15. Rxf7 Rxd2 16. Bxd2 Kxf7 17. Qf3+ Kg8 18. Rf1 e5 19. b4 Be7 20. e4 Bg4
0-1

[Event "Tournoi Skype 025A"]
[Site "Skype"]
[Date "????.??.??"]
[Round "5.18"]
[White "Aceituno, Stebe"]
[Black "Yeter, Orhan"]
[Result "1/2-1/2"]
[WhiteElo "1513"]
[BlackElo "1638"]
[PlyCount "78"]

1. e4 e5 2. Nf3 Nc6 3. Bb5 Nf6 4. d3 Bc5 5. O-O d6 6. c3 O-O 7. Bg5 Bg4 8. Nbd2
a6 9. Ba4 b5 10. Bc2 h6 11. Bh4 Re8 12. Nb3 Bb6 13. h3 Bh5 14. a4 b4 15. d4
exd4 16. Nbxd4 Nxd4 17. cxd4 g5 18. Bg3 Nxe4 19. Qd3 Bg6 20. Bb3 Kg7 21. Qc4
Nxg3 22. fxg3 d5 23. Qxb4 a5 24. Qd2 Qd6 25. Kh2 Qb4 26. Bxd5 Qxd2 27. Nxd2
Rad8 28. Bc6 Re2 29. Nf3 Bxd4 30. Rad1 Bf6 31. Rxd8 Bxd8 32. b3 Rb2 33. Bd5 Bf6
34. Bc4 c5 35. Rd1 Bc2 36. Rd7 Bg6 37. Rc7 Bd4 38. Ra7 Bc3 39. Rc7 Bd4 1/2-1/2

[Event "Tournoi Skype 025A"]
[Site "Skype"]
[Date "????.??.??"]
[Round "5.19"]
[White "Bautista, Leidy"]
[Black "Montalvo, Mario"]
[Result "1/2-1/2"]
[WhiteElo "1624"]
[BlackElo "1488"]
[PlyCount "50"]

1. b3 d5 2. Bb2 Nf6 3. Nf3 e6 4. g3 Be7 5. Bg2 O-O 6. O-O c5 7. e3 Nc6 8. d4 b6
9. Nbd2 Bb7 10. Qe2 Rc8 11. c4 cxd4 12. Nxd4 Nxd4 13. Bxd4 Qc7 14. Rac1 dxc4
15. Rxc4 Qb8 16. Rfc1 Ba6 17. Rxc8 Rxc8 18. Qd1 e5 19. Rxc8+ Bxc8 20. Bb2 Be6
21. Qc1 Nd7 22. Qc6 h6 23. Nf3 Bf6 24. Bf1 Nc5 25. Ba3 Qb7 1/2-1/2

[Event "Tournoi Skype 025A"]
[Site "Skype"]
[Date "????.??.??"]
[Round "5.20"]
[White "Gharbi, Said"]
[Black "Navghane, Rahul"]
[Result "0-1"]
[WhiteElo "1607"]
[BlackElo "1480"]
[PlyCount "48"]

1. e4 d5 2. e5 Nc6 3. d4 Bf5 4. Bb5 e6 5. a3 a6 6. Bxc6+ bxc6 7. Nf3 c5 8. c3
cxd4 9. cxd4 c5 10. Bg5 f6 11. exf6 Nxf6 12. dxc5 Bxc5 13. Ne5 O-O 14. Nc3 h6
15. Bxf6 Rxf6 16. O-O Qc7 17. Re1 Rd8 18. Rc1 Be4 19. Nxe4 dxe4 20. Qe2 Qxe5
21. Kh1 Rxf2 22. Qxa6 Rxb2 23. Qc6 Bd6 24. Rxe4 Qxh2# 0-1

[Event "Tournoi Skype 025A"]
[Site "Skype"]
[Date "????.??.??"]
[Round "5.21"]
[White "Vello, Pablo"]
[Black "Carballo, Jorge"]
[Result "0-1"]
[WhiteElo "1607"]
[BlackElo "1426"]
[PlyCount "143"]

1. d4 d5 2. Nf3 Nf6 3. e3 Bf5 4. Be2 e6 5. O-O Bd6 6. b3 Nbd7 7. Bb2 c6 8. Ne5
Qc7 9. f4 Ne4 10. g4 Nxe5 11. fxe5 Bxe5 12. dxe5 Bg6 13. Nd2 Nxd2 14. Qxd2
O-O-O 15. h4 h5 16. g5 c5 17. Kh1 Be4+ 18. Bf3 Bxf3+ 19. Rxf3 d4 20. exd4 cxd4
21. Qf4 Rd7 22. Rd3 Rhd8 23. Rc1 Qb6 24. Qf3 Qc5 25. c3 Kb8 26. cxd4 Qd5 27.
Qxd5 Rxd5 28. Rf1 R8d7 29. Re1 Rc7 30. Re2 Rd8 31. Kg2 Rdc8 32. Kf3 Rc2 33.
Rdd2 R2c6 34. Ke4 Ra6 35. d5 exd5+ 36. Rxd5 Rxa2 37. Rd7 Rc7 38. Rd8+ Rc8 39.
Rxc8+ Kxc8 40. Rd2 Ra6 41. Rd6 Ra2 42. Rd2 Ra6 43. Rc2+ Kd7 44. Kd5 Ra5+ 45.
Rc5 Ra6 46. Rc1 Ra5+ 47. Rc5 Ra6 48. Ke4 Rb6 49. Rd5+ Ke8 50. Rd3 Rb4+ 51. Bd4
a6 52. Rc3 Kd7 53. Kd5 Rb5+ 54. Ke4 Rb4 55. Rd3 Ke6 56. Kf4 Kd5 57. Ke3 Ke6 58.
Ke4 g6 59. Rf3 Rb5 60. Rf6+ Ke7 61. Rd6 Rxb3 62. Rb6 Rh3 63. Bc5+ Ke8 64. Rxb7
Rxh4+ 65. Kd5 Rg4 66. Re7+ Kf8 67. Ra7+ Kg7 68. Rxa6 h4 69. Kd6 h3 70. e6 fxe6
71. Ra7+ Kg8 72. Rg7+ 0-1

[Event "Tournoi Skype 025A"]
[Site "Skype"]
[Date "????.??.??"]
[Round "5.22"]
[White "Khunte, Aniruddha"]
[Black "Khabou, Taha"]
[Result "1-0"]
[WhiteElo "1598"]
[BlackElo "1394"]
[PlyCount "75"]

1. e4 e6 2. d4 d5 3. exd5 exd5 4. Nf3 Nf6 5. Bg5 Be7 6. Nc3 c6 7. Bd3 Be6 8. h3
O-O 9. O-O Nbd7 10. Re1 h6 11. Bf4 Nh5 12. Bh2 Nhf6 13. Ne5 Qb6 14. Ng6 Rfe8
15. Nxe7+ Rxe7 16. a3 Nf8 17. Be5 N8h7 18. Na4 Qa5 19. Nc5 Rd8 20. Nxe6 Rxe6
21. Bf5 Ree8 22. Qd3 Qb6 23. b4 Ng5 24. Bxf6 gxf6 25. c3 Qc7 26. Re3 Rxe3 27.
Qxe3 Kf8 28. Re1 b5 29. h4 Ne4 30. Qxh6+ Kg8 31. Bh7+ Kh8 32. Bxe4+ Kg8 33.
Qh7+ Kf8 34. Qh6+ Kg8 35. Bh7+ Kh8 36. Bg6+ Kg8 37. Qh7+ Kf8 38. Qh8# 1-0

[Event "Tournoi Skype 025A"]
[Site "Skype"]
[Date "????.??.??"]
[Round "5.23"]
[White "Yardimci, Ertan"]
[Black "Lovell, Stan"]
[Result "1/2-1/2"]
[WhiteElo "1577"]
[BlackElo "1672"]
[PlyCount "121"]

1. d4 Nf6 2. Nf3 d6 3. c4 Nbd7 4. Nc3 e5 5. dxe5 dxe5 6. e4 Bb4 7. Bd3 Bxc3+ 8.
bxc3 O-O 9. O-O Re8 10. Bg5 Nc5 11. Bc2 Qe7 12. h3 Bd7 13. Qe2 Bc6 14. Bxf6
Qxf6 15. Nd2 Rad8 16. f3 Ne6 17. Rf2 Nf4 18. Qe1 Qg5 19. Nf1 Nxh3+ 20. Kh1
Nxf2+ 21. Qxf2 b6 22. Ne3 Re6 23. Nd5 Rh6+ 24. Kg1 Bxd5 25. cxd5 Qh5 26. Qf1
Qh2+ 27. Kf2 Rg6 28. Ba4 Rdd6 29. a3 Qf4 30. Ra2 Rg3 31. Ke2 Rdg6 32. Kd3 Qg5
33. Kc4 Qe7 34. Kb3 h5 35. Qh1 h4 36. Bc6 Qg5 37. Kc4 Rxg2 38. Rxg2 Qxg2 39.
Qxh4 Qe2+ 40. Kb3 Rf6 41. Qh5 Rxf3 42. Qxe5 Qd1+ 43. Kc4 Qd3+ 44. Kb4 Rf1 45.
Ba4 a5+ 46. Kb3 Qd1+ 47. Kc4 Qxa4+ 48. Kd3 Qb5+ 49. Kd2 Rf2+ 50. Ke3 Qe2+ 51.
Kd4 Qd2+ 52. Kc4 Qa2+ 53. Kb5 Rb2+ 54. Kc6 Qc4+ 55. Kb7 Rc2 56. Qe8+ Kh7 57.
Qe7 Rh2 58. Qe5 Rh6 59. Qf5+ Rg6 60. Qh3+ Kg8 61. Qc8+ 1/2-1/2

[Event "Tournoi Skype 025A"]
[Site "Skype"]
[Date "????.??.??"]
[Round "5.24"]
[White "Legueltel, Daniel"]
[Black "Mishra, Sourabh"]
[Result "1-0"]
[WhiteElo "1528"]
[BlackElo "1633"]
[PlyCount "51"]

1. d4 d5 2. c4 c6 3. e3 Nf6 4. Nf3 Bf5 5. Nc3 h6 6. Bd3 Qd7 7. Ne5 Qe6 8. cxd5
Nxd5 9. Nxd5 cxd5 10. Bb5+ Nc6 11. Qa4 O-O-O 12. Bxc6 bxc6 13. Qxa7 f6 14. Qa6+
Kc7 15. Nf3 Be4 16. Bd2 Kd7 17. Rc1 Rc8 18. Ba5 g5 19. O-O Ke8 20. b4 Kf7 21.
Rc5 Qd7 22. Rfc1 e5 23. Rxc6 Rxc6 24. Rxc6 Qg4 25. Rc7+ Kg6 26. Nxe5+ 1-0